004820000a2200157000450024501070000065000260010765000150013365000180014865000210016665000150018765100350020204100130023770000220025010000230027277300290029510aAssessing the efficiency of biodiversity inventories using species accumulation curves for a bat fauna14aMétodos de muestreo14aAbundancia14aMurciélagos14aHábitat animal14aDiversidad 4mJalcomulcodVeracruzpMéxico0 aInglés1 aHalffter, Gonzalo1 aMoreno, Claudia E.1 tPreprint33q1-14d1990?